00807nam a2200193 a 450000100100000000500170001000800410002704000250006808200150009310000270010824500690013526000780020430000310028250000850031370000290039804900090042795201600043699900170059600003230620200930063614.0110714s1955 dr c 000 0 spa d aDO-SdBNPbspacBNPHU axxxbM491m1 aMedina, Loweski95832910aMomentos líricos /cLoweski Medina ; portico Esthervina Matos. aCiudad Trujillo, República Dominicana :bImprenta San Francisco,c1955. a94 p. : ;cretr. ;c24 cm. aPoemario publicado con motivo del XXV Aniversario de la Gloriosa Era de Trujillo1 aMatos, Esthervina925500 aBNPD 001050718RVaPDbPDcCTd2011-07-14iLF1l0oxxx M491mp32306-10r2020-06-25w2020-06-25y1zPerteneció a la colección Martínez BoogZNo se presta c31797d31797